| 000 | 00460nam a2200169Ia 4500 | ||
|---|---|---|---|
| 008 | 131103s9999 xx 000 0 und d | ||
| 040 | _aLoreto College | ||
| 041 | _aEnglish | ||
| 082 |
_a920/LIN _bLCLIB/ |
||
| 100 | _aLinklater, Eric | ||
| 245 | 2 |
_aA year of space _b A chapter in autobiography _cEric Linklater |
|
| 260 |
_aLondon _bMacmillan _c1953 |
||
| 300 |
_aviii,273p. _c 22cm. |
||
| 650 | _aAutobiography | ||
| 850 | _aLCLIB/920/LIN | ||
| 942 | _cBK | ||
| 999 |
_c25151 _d75630 |
||